| 000 | 00693nam a22001937a 4500 | ||
|---|---|---|---|
| 003 | BD-DhUL | ||
| 005 | 20170516182007.0 | ||
| 008 | 170516s1999 bg a|||| |||| 00| 0 ben c | ||
| 020 | _a9848193098 | ||
| 040 |
_aBD-DhUL _cBD-DhUL |
||
| 082 |
_a891.44 _bHAN |
||
| 100 | 1 | _aহানুম, খালেদা | |
| 245 | 1 | 0 |
_aনজরুল : বৈচিত্রে বৈভবে / _cখালেদা হানুম |
| 260 |
_aঢাকা : _bএ্যাডর্ন, _c১৯৯৯ |
||
| 300 |
_a১১২ পৃ. : _bসম্মুখ চিত্র ; _c২২ সেমি |
||
| 650 | 0 | _aবাংলা সাহিত্য | |
| 650 | 0 | _aBangla Literature | |
| 942 |
_2ddc _cBK |
||
| 999 |
_c197997 _d197997 |
||